Najlepsze wyniki państw w PŚ w skokach narciarskich 24/25 - Statystyki

Ogólne statystyki
  • Ten quiz został rozwiązany 298 razy
    209 od ostatniego zresetowania
  • Średni wynik to 17 z 21
Statystyki odpowiedzi
Państwo Najwyższe
miejsce
Skoczek % Poprawnych
Austria 1 Jan Hoerl | Daniel Tschofenig |Stefan Kraft
97%
Japonia 1 Ryoyu Kobayashi
97%
Słowenia 1 Timi Zajc | Domen Prevc | Anze Lanisek
95%
Polska 3 Paweł Wąsek
94%
Niemcy 1 Pius Paschke |Andreas Wellinger
91%
Szwajcaria 2 Gregor Deschwanden
89%
Bułgaria 8 Vladimir Zografski
89%
Finlandia 11 Antti Aalto
87%
Estonia 5 Artti Aigro
86%
Norwegia 1 Johann Andre Forfang
85%
Stany Zjednoczne 10 Tate Frantz | Kevin Bickner
82%
Ukraina 11 Yevhen Marusiak
82%
Czechy 28 Roman Koudelka
81%
Włochy 23 Alex Insam
80%
Francja 12 Valentin Foubert
76%
Turcja 20 Fatih Adra Ipcioglu
72%
Rumunia 51 Daniel Andrei Cacina
66%
Korea Południowa 58 Heung Chul Choi
62%
Słowacja 57 Hektor Kapustik
59%
Chiny 34 Qiwu Song
55%
Kazachstan 18 Danil Vassilyev
46%
Nie znaleziono quizów pasujących do podanych kryteriów
Rozkład punktacji
Procent ludzi z każdym wynikiem
Percentyl według liczby udzielonych odpowiedzi
Twoja historia wyników
Nie rozwiązałeś tego quizu od ostatniego zresetowania